XX simpósio Ibero-americano de catálise 2006 Gramado, Rio Grande do Sul, Brasil 17-22 de Setembro de 2006.
Guardado en:
| Autor Corporativo: | |
|---|---|
| Formato: | Electrónico |
| Idioma: | Portuguese English Spanish |
| Publicado: |
Gramado, Rio Grande do Sul, Brasil :
[s.n.],
2006.
|
| Materias: | |
| Etiquetas: |
Agregar Etiqueta
Sin Etiquetas, Sea el primero en etiquetar este registro!
|
| LEADER | 00812nmm a22001935a 4500 | ||
|---|---|---|---|
| 001 | EIQ.libpla001674 | ||
| 008 | 061129s2006####bl#########m########por#d | ||
| 005 | 20061129172806.0 | ||
| 245 | 1 | 0 | |a XX simpósio Ibero-americano de catálise 2006 |h [recurso electrónico] : |b Gramado, Rio Grande do Sul, Brasil 17-22 de Setembro de 2006. |
| 256 | |a Datos electrónicos | ||
| 260 | |a Gramado, Rio Grande do Sul, Brasil : |b [s.n.], |c 2006. | ||
| 300 | |a 1 CD-ROM ; |c 12 cm. | ||
| 500 | |a Trabajos en portugés, inglés y español. | ||
| 111 | 2 | |a Simpósio Ibero-americano de catálise 2006 |n (20º : |d 2006 : |c Gramado, Rio Grando do Sul, Brasil) | |
| 650 | 4 | |a Catálisis |x Congresos. | |
| 650 | 4 | |a Catalysis |x Congresses. | |
| 040 | |a AR-BbSID |b spa |c AR-BbSID | ||
| 041 | 1 | |a por |a eng |a spa | |
| 859 | |a AR-BbSID |b BIB. PLAPIQUI |h 541.395 |i Si 20 |p 5898 | ||
